000 00320nam a22001337a 4500
008 171024b xxu||||| |||| 00| 0 eng d
020 _a9780130261861
041 _aeng
080 _22ND
_a311
100 _a55
101 _aSTA
245 _aSTATISTICS FOR THE BEHAVIORAL AND SOCIAL SCIENCES
_cARON,A
942 _2udc
_cBK
999 _c35623
_d35623